Statistiques concernant personnage Disney

Cliquez ici pour prendre le quiz!

Statistiques générales

  • Ce quiz a été pris 83 fois
  • Le résultat moyen est 80 sur 267

Statistiques - réponses

HintRéponse% Correct
la belle et la betebelle
83%
blanche neigeblanche neige
81%
cendrilloncendrillon
81%
alice au pays des merveillesalice
80%
anna
80%
le monde de dory | le monde de nemonemo
80%
raiponceraiponce
80%
dory
78%
Winnie l'oursonWinnie
78%
AladdinAladdin
77%
grincheux
77%
jasmine
77%
joie
77%
lilo et stitchlilo
77%
mulanmulan
77%
stitch
77%
VaianaVaiana
77%
la petite sireneAriel
75%
bernard et biancabernard
75%
bianca
75%
la reine des neigeselsa
75%
simplet
75%
herculehercule
74%
la bete
74%
Peter PanPeter Pan
74%
Pocahontaspocahontas
74%
le roi lionsimba
74%
la belle au bois dormantaurore
72%
merlin
72%
Wendy
70%
buzz l'eclair
68%
le livre de la junglemowgli
68%
Olaf
68%
prof
67%
les mondes de RalphRalph
67%
atchoum
64%
nala
64%
Porcinet
64%
colere
62%
toy storywoody
62%
clochard
61%
joyeux
61%
ratatouilleRemy
61%
la princesse et la grenouilletiana
61%
Tigrou
61%
Baloo
59%
peur
58%
scar
58%
timide
58%
tristesse
58%
wallewalle
57%
degout
55%
gus
55%
mufasa
54%
Bourriquet
52%
dormeur
52%
jafar
52%
les aristochatsmarie
52%
pumba
52%
Cruella
51%
polochon
51%
merlin l'enchanteurArthur
49%
duchesse
49%
javotte
49%
timon
49%
capitaine crochet
48%
la reine de coeur
48%
le genie
48%
ursula
48%
Andy
45%
Eric
45%
kristoff
45%
lumiere
45%
toulouse
45%
Anastasie
43%
la belle et le clochardlady
43%
violette
43%
Berlioz
42%
bob
42%
hades
42%
le chapelier fou
42%
marin
42%
pongo
42%
zeus
42%
maléfique
41%
sven
41%
clochette
39%
Megara
39%
rex
39%
hans
38%
jack-jack
38%
jean
38%
eve
36%
cocomiguel
36%
mouche
36%
perdita
36%
Sebastien
36%
vaneloppe
36%
zigzag
36%
abu
35%
gaston
33%
monstre et ciesully
33%
jessie
30%
le lapin blanc
30%
lucifer
30%
mushu
30%
Zazu
30%
fleche
29%
philippe
29%
vice versaRiley
29%
thomas O'Malley
29%
bruno
28%
john smith
28%
zootopieJuddy
28%
kaa
28%
la bergere
28%
encantomirabelle
28%
Bagheera
26%
elementaireflam
26%
naveen
26%
Bouh
25%
mama coco
25%
mere Gothel
25%
nick
25%
pimprenelle
25%
elastigirl
23%
Iago
23%
isabella
23%
le roi triton
23%
max
23%
pascal
23%
le fou
22%
maximus
22%
michel
22%
rafiki
22%
russel
22%
zip
22%
louis
20%
petit gourou
20%
Bigben
19%
coco lapin
19%
Eugene
19%
pegase
19%
Edgar
17%
hera
17%
Maoui
17%
ray
17%
roger
17%
shere khan
17%
les 101 dalmatiensanita
16%
bayonne
16%
charlotte
16%
colette
16%
doug
16%
Ernesto de la cruz
16%
fourchette
16%
le sultan
16%
pile poil
16%
Pua
16%
la hautcarl
14%
Jaq
14%
luisa
14%
maitre hibou
14%
panique
14%
rajah
14%
docteur Facilier
13%
emile
13%
leon
13%
flora
12%
hector
12%
kevin
12%
Lotso
12%
maman gourou
12%
pâquerette
12%
peine
12%
wishAsha
10%
bonnie
10%
dante
10%
frozone
10%
Heihei
10%
medusa
10%
Nany
10%
shan yu
10%
bruce
9%
dolores
9%
eureka
9%
Felix
9%
le chat du Cheshire
9%
maurice
9%
mme patate
9%
m. patate
9%
syndrome
9%
Te fiti
9%
Antonio
7%
germaine
7%
les aliens
7%
lily la tigresse
7%
lucky
7%
Patch
7%
abuela
6%
edna mode
6%
Flack
6%
flit
6%
hank
6%
le lievre de mars
6%
li Shang
6%
mama imelda
6%
meeko
6%
mme samovar
6%
peppa
6%
petit frère
6%
Ratcliffe
6%
roi louie
6%
Tamatoa
6%
camillo
4%
crush
4%
Dinah
4%
elie
4%
grand mère feuillage
4%
julietta
4%
magnifico
4%
Orville
4%
plumette
4%
Rolly
4%
Te ka
4%
tweedle dee
4%
tweedle Dum
4%
Agustin
3%
bouton d'or
3%
cri kee
3%
darla
3%
jean-christoffe
3%
le roi Stephane
3%
les siamois
3%
les indestructiblesm. indestructibles
3%
mme mime
3%
Percy
3%
sa sucrerie
3%
star
3%
agent mcduffy
1%
Alizee
1%
amaya
1%
Aquanetta
1%
binbong
1%
Brul
1%
bunny
1%
burne
1%
dahlia
1%
destinée
1%
ducky
1%
duke Caboom
1%
gaby gaby
1%
les trolls
1%
linguinie
1%
mama odi
1%
m. raie
1%
perla
1%
Razmotte
1%
Sandra
1%
squizz
1%
suzy
1%
Tafita
1%
valentino
1%

Distribution des résultats

Percentile par nombre de réponses

% des personnes avec chaque résultat

Votre développement - résultats

Vous n’avez pas pris ce quiz